000
00314nam a2200109Ia 4500
008
180219s9999 xx 000 0 und d
020
_a
9810699352
100
_a
Rinehart, Wilda
245
_a
Exam cram NCLEX-RN exam practice questions /
260
_a
Singapore :
_b
Pearson Education
_c
2006
300
_a
xvi, 457 pages
999
_c
355955
_d
355955